000 00602nam a2200253Ia 4500
003 OSt
005 20220912152625.0
006 a|||||r|||| 00| 0
007 ta
008 220909b |||||||| |||| 00| 0 eng d
024 _a39060
037 _cTextual
040 _aCSL
_beng
_cCSL
041 _aeng
082 _aB78:2, K4
100 _aMarkstein Geoege H Ed.
245 0 _aNonsteady flame propagation
260 _c1964
300 _ap.
_ccm.
650 _a Gas
650 _aMathematics
942 _hB78:2, K4
_cTEXL
_2CC
999 _c89690
_d89690